[Event "Watson Farley Williams Challenge"]
[Site "London"]
[Date "1990.04.18"]
[Round "1"]
[White "Flear, Glenn C"]
[Black "Motwani, Paul"]
[Result "1/2-1/2"]
[WhiteElo "2470"]
[BlackElo "2470"]
[PlyCount "42"]
[EventDate "1990.04.18"]
[EventType "tourn"]
[EventRounds "13"]
[EventCountry "ENG"]
[EventCategory "11"]
[SourceTitle "BritBase"]
[Source "John Saunders"]
[SourceDate "2023.06.27"]
[SourceVersion "1"]
[SourceVersionDate "2023.06.27"]
[SourceQuality "1"]

1. d4 f5 2. g3 Nf6 3. Bg2 g6 4. c3 Bg7 5. Qb3 d5 6. Nh3 O-O 7. Nf4 e6 8. Nd2 c5
9. dxc5 Na6 10. Nd3 Qc7 11. Nf3 Nxc5 12. Nxc5 Qxc5 13. Be3 Qe7 14. Bd4 b6 15.
O-O Ba6 16. Rfe1 Nd7 17. Bxg7 Kxg7 18. Nd2 Bb7 19. c4 Nc5 20. Qc3+ Qf6 21.
Qxf6+ Kxf6 1/2-1/2

[Event "Watson Farley Williams Challenge"]
[Site "London"]
[Date "1990.04.18"]
[Round "1"]
[White "Frias Pablaza, Victor J"]
[Black "Wolff, Patrick G"]
[Result "1/2-1/2"]
[WhiteElo "2495"]
[BlackElo "2500"]
[PlyCount "37"]
[EventDate "1990.04.18"]
[EventType "tourn"]
[EventRounds "13"]
[EventCountry "ENG"]
[EventCategory "11"]
[SourceTitle "BritBase"]
[Source "John Saunders"]
[SourceDate "2023.06.27"]
[SourceVersion "1"]
[SourceVersionDate "2023.06.27"]
[SourceQuality "1"]

1. e4 e5 2. Nf3 Nc6 3. Bb5 a6 4. Ba4 Nf6 5. O-O Be7 6. Re1 b5 7. Bb3 O-O 8. c3
d5 9. exd5 Nxd5 10. Nxe5 Nxe5 11. Rxe5 c6 12. Bxd5 cxd5 13. d4 Bd6 14. Re3 Qh4
15. h3 g5 16. Qf3 Be6 17. Qf6 Rfe8 18. g3 Qh5 19. g4 1/2-1/2

[Event "Watson Farley Williams Challenge"]
[Site "London"]
[Date "1990.04.18"]
[Round "1"]
[White "Hebden, Mark L"]
[Black "King, Daniel John"]
[Result "1/2-1/2"]
[WhiteElo "2530"]
[BlackElo "2515"]
[PlyCount "55"]
[EventDate "1990.04.18"]
[EventType "tourn"]
[EventRounds "13"]
[EventCountry "ENG"]
[EventCategory "11"]
[SourceTitle "BritBase"]
[Source "John Saunders"]
[SourceDate "2023.06.27"]
[SourceVersion "1"]
[SourceVersionDate "2023.06.27"]
[SourceQuality "1"]

1. d4 Nf6 2. Nf3 e6 3. c4 Bb4+ 4. Bd2 Qe7 5. g3 Nc6 6. Nc3 d5 7. Bg2 dxc4 8.
O-O O-O 9. Bg5 h6 10. Bxf6 Qxf6 11. Ne4 Qe7 12. Qc2 e5 13. d5 Na5 14. Rad1 b5
15. d6 Bxd6 16. Nxd6 cxd6 17. Ng5 hxg5 18. Bxa8 Nb7 19. Qe4 Nc5 20. Qe3 Bh3 21.
Bg2 Bxg2 22. Kxg2 g4 23. Qd2 Rd8 24. Qd5 Qe6 25. Qc6 Qd7 26. Qd5 Qe6 27. Qc6
Qd7 28. Qd5 1/2-1/2

[Event "Watson Farley Williams Challenge"]
[Site "London"]
[Date "1990.04.18"]
[Round "1"]
[White "Hodgson, Julian M"]
[Black "Chandler, Murray G"]
[Result "1-0"]
[WhiteElo "2540"]
[BlackElo "2585"]
[PlyCount "69"]
[EventDate "1990.04.18"]
[EventType "tourn"]
[EventRounds "13"]
[EventCountry "ENG"]
[EventCategory "11"]
[SourceTitle "BritBase"]
[Source "John Saunders"]
[SourceDate "2023.06.27"]
[SourceVersion "1"]
[SourceVersionDate "2023.06.27"]
[SourceQuality "1"]

1. d4 e6 2. e4 d5 3. Nc3 Nf6 4. e5 Nfd7 5. f4 c5 6. Nf3 Nc6 7. Be3 a6 8. Qd2 b5
9. a3 Bb7 10. Qf2 Qa5 11. Ra2 Qb6 12. Ne2 b4 13. Nd2 a5 14. Nb3 c4 15. Nd2 Ba6
16. c3 bxa3 17. bxa3 Bxa3 18. g4 Be7 19. f5 Qd8 20. Bg2 Bh4 21. Ng3 O-O 22. Nf3
Rb8 23. O-O Rb3 24. Bd2 Bc8 25. f6 Bxg3 26. Qxg3 gxf6 27. exf6 Nxf6 28. Ng5 h6
29. Qh4 Nxg4 30. Qxg4 f5 31. Qh5 hxg5 32. Qg6+ Kh8 33. Bxg5 Qe8 34. Bf6+ Rxf6
35. Qxe8+ 1-0

[Event "Watson Farley Williams Challenge"]
[Site "London"]
[Date "1990.04.18"]
[Round "1"]
[White "Levitt, Jonathan P"]
[Black "Tisdall, Jonathan D"]
[Result "1-0"]
[WhiteElo "2465"]
[BlackElo "2480"]
[PlyCount "51"]
[EventDate "1990.04.18"]
[EventType "tourn"]
[EventRounds "13"]
[EventCountry "ENG"]
[EventCategory "11"]
[SourceTitle "BritBase"]
[Source "John Saunders"]
[SourceDate "2023.06.27"]
[SourceVersion "1"]
[SourceVersionDate "2023.06.27"]
[SourceQuality "1"]

1. d4 f5 2. Nf3 Nf6 3. g3 e6 4. Bg2 d5 5. O-O Bd6 6. c4 c6 7. Bf4 Bxf4 8. gxf4
O-O 9. Nbd2 Bd7 10. Qb3 b5 11. c5 a5 12. Ne5 Be8 13. Kh1 Ra7 14. Rg1 Bh5 15.
Bf3 Bxf3+ 16. Ndxf3 Ne4 17. Rg2 Qc8 18. Rag1 Re7 19. Ng5 Nd7 20. Nxh7 Kxh7 21.
Ng6 Qd8 22. Qh3+ Kg8 23. Qh8+ Kf7 24. Nxf8 Nxf8 25. Rxg7+ Ke8 26. Qxf8+ 1-0

[Event "Watson Farley Williams Challenge"]
[Site "London"]
[Date "1990.04.19"]
[Round "2"]
[White "Chandler, Murray G"]
[Black "Motwani, Paul"]
[Result "1-0"]
[WhiteElo "2585"]
[BlackElo "2470"]
[PlyCount "113"]
[EventDate "1990.04.18"]
[EventType "tourn"]
[EventRounds "13"]
[EventCountry "ENG"]
[EventCategory "11"]
[SourceTitle "BritBase"]
[Source "John Saunders"]
[SourceDate "2023.06.27"]
[SourceVersion "1"]
[SourceVersionDate "2023.06.27"]
[SourceQuality "1"]

1. e4 e5 2. Nf3 Nc6 3. Bb5 a6 4. Ba4 d6 5. Bxc6+ bxc6 6. d4 exd4 7. Qxd4 Nf6 8.
O-O Be7 9. Re1 O-O 10. Nc3 Bg4 11. Qe3 Bxf3 12. Qxf3 Nd7 13. b3 Re8 14. Bb2 Bf6
15. Na4 Bxb2 16. Nxb2 Re6 17. Qc3 c5 18. Nd3 Qe7 19. f3 Nb6 20. a4 a5 21. Rad1
c4 22. Nf4 Re5 23. Nd5 Nxd5 24. Rxd5 cxb3 25. cxb3 h5 26. Red1 h4 27. Rxe5 dxe5
28. h3 Rb8 29. Rd5 Qa3 30. Qxc7 Qxb3 31. Kh2 Re8 32. Qxa5 Qe3 33. Qd2 Qxd2 34.
Rxd2 Ra8 35. Ra2 Kf8 36. a5 Ra6 37. g3 hxg3+ 38. Kxg3 Ke7 39. Kg4 Kf6 40. Kh5
g6+ 41. Kg4 Kg7 42. Ra3 Kf6 43. h4 Kg7 44. Kg5 f6+ 45. Kg4 Kf7 46. h5 gxh5+ 47.
Kxh5 Ke7 48. Kg6 Ke6 49. Ra1 Ke7 50. Kf5 Kf7 51. Rb1 Rxa5 52. Rb7+ Kg8 53. Kxf6
Ra3 54. Rg7+ Kf8 55. Rg3 Ra5 56. Rg5 Ra3 57. Rf5 1-0

[Event "Watson Farley Williams Challenge"]
[Site "London"]
[Date "1990.04.19"]
[Round "2"]
[White "Hodgson, Julian M"]
[Black "Frias Pablaza, Victor J"]
[Result "0-1"]
[WhiteElo "2540"]
[BlackElo "2495"]
[PlyCount "60"]
[EventDate "1990.04.18"]
[EventType "tourn"]
[EventRounds "13"]
[EventCountry "ENG"]
[EventCategory "11"]
[SourceTitle "BritBase"]
[Source "John Saunders"]
[SourceDate "2023.06.27"]
[SourceVersion "1"]
[SourceVersionDate "2023.06.27"]
[SourceQuality "1"]

1. d4 Nf6 2. Bg5 d5 3. Bxf6 exf6 4. e3 Be6 5. Bd3 c5 6. dxc5 Bxc5 7. Ne2 Nc6 8.
O-O O-O 9. Nd2 f5 10. Nb3 Bb6 11. c3 Qf6 12. a4 Rad8 13. a5 Bc7 14. a6 b6 15.
Nbd4 Ne5 16. Nf4 Bb8 17. Bb5 Rd6 18. Qe2 Rc8 19. Rfd1 g6 20. Ra4 Nd7 21. c4 Nc5
22. cxd5 Bxd5 23. Nxd5 Rxd5 24. Raa1 Be5 25. Rac1 Bxd4 26. exd4 Rxd4 27. Rxd4
Qxd4 28. Qe7 Qxb2 29. Rxc5 Rxc5 30. Bf1 Qa1 0-1

[Event "Watson Farley Williams Challenge"]
[Site "London"]
[Date "1990.04.19"]
[Round "2"]
[White "King, Daniel John"]
[Black "Larsen, Bent"]
[Result "0-1"]
[WhiteElo "2515"]
[BlackElo "2550"]
[PlyCount "78"]
[EventDate "1990.04.18"]
[EventType "tourn"]
[EventRounds "13"]
[EventCountry "ENG"]
[EventCategory "11"]
[SourceTitle "BritBase"]
[Source "John Saunders"]
[SourceDate "2023.06.27"]
[SourceVersion "1"]
[SourceVersionDate "2023.06.27"]
[SourceQuality "1"]

1. e4 e5 2. Nf3 Nc6 3. Bb5 a6 4. Ba4 Nf6 5. O-O Be7 6. Re1 b5 7. Bb3 d6 8. c3
Na5 9. Bc2 c5 10. d4 Qc7 11. a4 c4 12. Nbd2 O-O 13. Nf1 Re8 14. Bg5 h6 15. Bh4
Nh7 16. Bg3 Ng5 17. Nxe5 dxe5 18. Bxe5 Qb6 19. Ne3 Bb7 20. Nf5 Bf8 21. h4 Nh7
22. Qg4 Qg6 23. Qf4 Nb3 24. Rad1 Bc8 25. Re3 Bxf5 26. exf5 Qh5 27. f6 Nxf6 28.
Rde1 Nd5 29. Qe4 Qg6 30. Qxg6 fxg6 31. Rg3 Ne7 32. Be4 Rad8 33. axb5 axb5 34.
Rf1 Nd2 35. Re1 Nxe4 36. Rxe4 Kh7 37. Rf3 Kg8 38. Ref4 Nc6 39. Bc7 Rd7 0-1

[Event "Watson Farley Williams Challenge"]
[Site "London"]
[Date "1990.04.19"]
[Round "2"]
[White "Tisdall, Jonathan D"]
[Black "Hebden, Mark L"]
[Result "0-1"]
[WhiteElo "2480"]
[BlackElo "2530"]
[PlyCount "58"]
[EventDate "1990.04.18"]
[EventType "tourn"]
[EventRounds "13"]
[EventCountry "ENG"]
[EventCategory "11"]
[SourceTitle "BritBase"]
[Source "John Saunders"]
[SourceDate "2023.06.27"]
[SourceVersion "1"]
[SourceVersionDate "2023.06.27"]
[SourceQuality "1"]

1. Nf3 Nf6 2. c4 g6 3. Nc3 Bg7 4. e4 d6 5. d4 O-O 6. Be2 e5 7. Be3 Ng4 8. Bg5
f6 9. Bh4 Nc6 10. h3 Nh6 11. dxe5 dxe5 12. c5 Qe7 13. b4 Be6 14. Nd5 Bxd5 15.
exd5 e4 16. dxc6 exf3 17. gxf3 Nf5 18. Bg3 Rad8 19. Qb3+ Kh8 20. Rd1 Rfe8 21.
O-O Nxg3 22. fxg3 Qxe2 23. Rxd8 Rxd8 24. cxb7 f5 25. Qd5 Qe8 26. Qb3 Bd4+ 27.
Kh1 Qc6 28. Rd1 Qxb7 29. Kg2 Qd5 0-1

[Event "Watson Farley Williams Challenge"]
[Site "London"]
[Date "1990.04.19"]
[Round "2"]
[White "Watson, William Nicholas"]
[Black "Flear, Glenn C"]
[Result "1/2-1/2"]
[WhiteElo "2470"]
[BlackElo "2470"]
[PlyCount "71"]
[EventDate "1990.04.18"]
[EventType "tourn"]
[EventRounds "13"]
[EventCountry "ENG"]
[EventCategory "11"]
[SourceTitle "BritBase"]
[Source "John Saunders"]
[SourceDate "2023.06.27"]
[SourceVersion "1"]
[SourceVersionDate "2023.06.27"]
[SourceQuality "1"]

1. e4 e5 2. Nf3 Nc6 3. Bb5 a6 4. Ba4 Nf6 5. O-O Nxe4 6. d4 b5 7. Bb3 d5 8. dxe5
Be6 9. Nbd2 Nc5 10. c3 d4 11. Bxe6 Nxe6 12. cxd4 Ncxd4 13. Ne4 Be7 14. Be3 Nf5
15. Qc2 O-O 16. Rad1 Nxe3 17. fxe3 Qc8 18. h3 Rd8 19. Nh2 Rxd1 20. Qxd1 Qe8 21.
Ng3 a5 22. Nf5 Ra6 23. Qd5 Bd8 24. Ng4 h5 25. Nh2 Nf8 26. Nf3 Rg6 27. Rd1 Be7
28. N3d4 Bg5 29. h4 c6 30. Qf3 Bd8 31. Nd6 Qxe5 32. Nxc6 Qf6 33. Nf5 Qxc6 34.
Qxc6 Rxc6 35. Rxd8 Rc1+ 36. Kh2 1/2-1/2

[Event "Watson Farley Williams Challenge"]
[Site "London"]
[Date "1990.04.21"]
[Round "3"]
[White "Flear, Glenn C"]
[Black "King, Daniel John"]
[Result "1/2-1/2"]
[WhiteElo "2470"]
[BlackElo "2515"]
[PlyCount "116"]
[EventDate "1990.04.18"]
[EventType "tourn"]
[EventRounds "13"]
[EventCountry "ENG"]
[EventCategory "11"]
[SourceTitle "BritBase"]
[Source "John Saunders"]
[SourceDate "2023.06.27"]
[SourceVersion "1"]
[SourceVersionDate "2023.06.27"]
[SourceQuality "1"]

1. d4 e6 2. c4 Nf6 3. Nc3 Bb4 4. Qc2 O-O 5. a3 Bxc3+ 6. Qxc3 Qe8 7. g3 d6 8.
Bg2 e5 9. dxe5 dxe5 10. Be3 Qe7 11. Nf3 Nc6 12. b4 Re8 13. O-O Bf5 14. Rad1 h6
15. Nh4 Bh7 16. b5 Nd8 17. Bh3 a6 18. b6 Nc6 19. Nf5 Bxf5 20. Bxf5 cxb6 21.
Bxb6 Nd4 22. Bd3 Qd6 23. Qb2 Re7 24. Bxd4 exd4 25. e3 Qe6 26. exd4 Rae8 27. Kg2
Qd7 28. d5 Kh8 29. Qc3 b5 30. Qd4 bxc4 31. Bxc4 Qd6 32. Qd3 Nd7 33. Qc3 Rc8 34.
Qb3 Nc5 35. Qf3 Ne4 36. Rd4 Nd2 37. Rxd2 Rxc4 38. Rb1 g6 39. Qd3 Ra4 40. Qc3+
Kh7 41. Rb4 Ra5 42. Rb8 Qxb8 43. Qxa5 Qd6 44. Qb4 Qxb4 45. axb4 Kg7 46. Kf3 Kf6
47. Ra2 Rb7 48. Rxa6+ Ke5 49. d6 Rxb4 50. Ra7 Rb3+ 51. Ke2 Kxd6 52. Rxf7 Ke6
53. Rf3 Rb2+ 54. Kf1 h5 55. Kg2 Ke5 56. Kh3 Rb4 57. Rf8 Ke6 58. f4 Rb2 1/2-1/2

[Event "Watson Farley Williams Challenge"]
[Site "London"]
[Date "1990.04.21"]
[Round "3"]
[White "Frias Pablaza, Victor J"]
[Black "Chandler, Murray G"]
[Result "1/2-1/2"]
[WhiteElo "2495"]
[BlackElo "2585"]
[PlyCount "82"]
[EventDate "1990.04.18"]
[EventType "tourn"]
[EventRounds "13"]
[EventCountry "ENG"]
[EventCategory "11"]
[SourceTitle "BritBase"]
[Source "John Saunders"]
[SourceDate "2023.06.27"]
[SourceVersion "1"]
[SourceVersionDate "2023.06.27"]
[SourceQuality "1"]

1. d4 Nf6 2. c4 e6 3. Nf3 b6 4. g3 Ba6 5. b3 Bb7 6. Bg2 Bb4+ 7. Bd2 c5 8. O-O
O-O 9. Bc3 d5 10. cxd5 exd5 11. Bb2 Ne4 12. dxc5 bxc5 13. a3 Ba5 14. b4 Bb6 15.
Nc3 cxb4 16. axb4 Na6 17. Nd4 Qd7 18. Na4 Rfc8 19. b5 Nac5 20. Nxb6 axb6 21. e3
Rxa1 22. Bxa1 Nf6 23. Qf3 Nce4 24. Nf5 d4 25. Nxd4 Rc5 26. Qf4 h6 27. h4 Nd6
28. Bc6 Bxc6 29. bxc6 Qe7 30. Qf3 Nfe4 31. Qg4 Nf6 32. Qh3 Qe4 33. Nb3 Rxc6 34.
Bxf6 gxf6 35. Nd4 Rc5 36. Qg2 f5 37. Ra1 Ra5 38. Qf1 Rxa1 39. Qxa1 Qb7 40. Qb2
b5 41. Qb4 Qd5 1/2-1/2

[Event "Watson Farley Williams Challenge"]
[Site "London"]
[Date "1990.04.21"]
[Round "3"]
[White "Kosten, Anthony C"]
[Black "Hodgson, Julian M"]
[Result "1/2-1/2"]
[WhiteElo "2485"]
[BlackElo "2540"]
[PlyCount "82"]
[EventDate "1990.04.18"]
[EventType "tourn"]
[EventRounds "13"]
[EventCountry "ENG"]
[EventCategory "11"]
[SourceTitle "BritBase"]
[Source "John Saunders"]
[SourceDate "2023.06.27"]
[SourceVersion "1"]
[SourceVersionDate "2023.06.27"]
[SourceQuality "1"]

1. e4 g6 2. d4 Bg7 3. Nf3 c5 4. dxc5 Qa5+ 5. c3 Qxc5 6. Be3 Qc7 7. Bd4 Nf6 8.
e5 Ng4 9. Na3 Nc6 10. Nb5 Qb8 11. e6 f6 12. h3 Nge5 13. Nxe5 Nxe5 14. exd7+
Bxd7 15. Qb3 a6 16. Na3 b5 17. Be2 Qd6 18. O-O Be6 19. Qc2 O-O 20. Rad1 Qc7 21.
Rfe1 Kh8 22. Bxe5 fxe5 23. Bd3 Rac8 24. Be4 Qc5 25. Qe2 Rf4 26. Qe3 Qxe3 27.
Rxe3 Rcf8 28. f3 Bxa2 29. Rd7 R4f6 30. Rxe7 Rd6 31. Ra7 Rfd8 32. Re2 Bh6 33.
Nc2 Bc4 34. Re1 Bf4 35. Ne3 Bg3 36. Nxc4 bxc4 37. Rf1 Rd2 38. Rxa6 Rxb2 39. Rc6
Bf4 40. Kh1 Rdd2 41. Rg1 Be3 1/2-1/2

[Event "Watson Farley Williams Challenge"]
[Site "London"]
[Date "1990.04.21"]
[Round "3"]
[White "Levitt, Jonathan P"]
[Black "Wolff, Patrick G"]
[Result "0-1"]
[WhiteElo "2465"]
[BlackElo "2500"]
[PlyCount "78"]
[EventDate "1990.04.18"]
[EventType "tourn"]
[EventRounds "13"]
[EventCountry "ENG"]
[EventCategory "11"]
[SourceTitle "BritBase"]
[Source "John Saunders"]
[SourceDate "2023.06.27"]
[SourceVersion "1"]
[SourceVersionDate "2023.06.27"]
[SourceQuality "1"]

1. d4 Nf6 2. c4 g6 3. Nc3 d5 4. Bf4 Bg7 5. e3 c5 6. dxc5 Qa5 7. Rc1 Ne4 8. cxd5
Nxc3 9. Qd2 Qxa2 10. bxc3 Qa5 11. Nf3 Nd7 12. Bc4 Nxc5 13. Be5 Bxe5 14. Nxe5 f6
15. Nf3 Bd7 16. O-O b5 17. Ba2 Rc8 18. d6 Ne4 19. Bf7+ Kf8 20. dxe7+ Kxe7 21.
Qc2 Nxc3 22. Bb3 b4 23. Nd4 Rhd8 24. f4 f5 25. Qf2 Rf8 26. Qh4+ Ke8 27. Qxh7
Qb6 28. Ra1 Rc7 29. Qh4 a5 30. Rfd1 Qf6 31. Qe1 a4 32. Bxa4 Bxa4 33. Rxa4 Nxa4
34. Qxb4 Nc3 35. Ra1 Ne2+ 36. Kf2 Nxd4 37. Ra8+ Kd7 38. Qa4+ Nc6 39. Qd1+ Ke7
0-1

[Event "Watson Farley Williams Challenge"]
[Site "London"]
[Date "1990.04.21"]
[Round "3"]
[White "Motwani, Paul"]
[Black "Watson, William Nicholas"]
[Result "1/2-1/2"]
[WhiteElo "2470"]
[BlackElo "2470"]
[PlyCount "54"]
[EventDate "1990.04.18"]
[EventType "tourn"]
[EventRounds "13"]
[EventCountry "ENG"]
[EventCategory "11"]
[SourceTitle "BritBase"]
[Source "John Saunders"]
[SourceDate "2023.06.27"]
[SourceVersion "1"]
[SourceVersionDate "2023.06.27"]
[SourceQuality "1"]

1. d4 Nf6 2. Nf3 g6 3. g3 Bg7 4. Bg2 d5 5. O-O O-O 6. Nbd2 c6 7. c3 Bf5 8. Nh4
Be6 9. Re1 Re8 10. e4 dxe4 11. Nxe4 Bd5 12. Nc5 b6 13. Nd3 Nbd7 14. Nf3 c5 15.
Be3 Qc7 16. Nde5 Rad8 17. Bf4 Nxe5 18. Bxe5 Qc6 19. Qe2 cxd4 20. Nxd4 Qc5 21.
a4 Bxg2 22. Kxg2 Rd5 23. Kg1 Red8 24. Rad1 h5 25. Nf3 Qc6 26. Rxd5 Qxd5 27. Bd4
Rd7 1/2-1/2

[Event "Watson Farley Williams Challenge"]
[Site "London"]
[Date "1990.04.22"]
[Round "4"]
[White "Adams, Michael"]
[Black "Larsen, Bent"]
[Result "1/2-1/2"]
[WhiteElo "2555"]
[BlackElo "2550"]
[PlyCount "103"]
[EventDate "1990.04.18"]
[EventType "tourn"]
[EventRounds "13"]
[EventCountry "ENG"]
[EventCategory "11"]
[SourceTitle "BritBase"]
[Source "John Saunders"]
[SourceDate "2023.06.27"]
[SourceVersion "1"]
[SourceVersionDate "2023.06.27"]
[SourceQuality "1"]

1. e4 c5 2. Nf3 Nc6 3. d4 cxd4 4. Nxd4 g6 5. c4 Bg7 6. Be3 Nf6 7. Nc3 O-O 8.
Be2 d6 9. O-O Bd7 10. Qd2 Nxd4 11. Bxd4 Bc6 12. f3 a5 13. b3 Nd7 14. Be3 Nc5
15. Rab1 Qb6 16. Nb5 Rfc8 17. Rfc1 Qd8 18. Nd4 Bd7 19. Bd1 Qe8 20. Be2 h5 21.
Bf1 Kh7 22. Re1 Qh8 23. Rbc1 Bf6 24. Bf2 Qg7 25. f4 Qh6 26. Nf3 Be8 27. g3 Kg8
28. Bg2 b6 29. Qe2 Rab8 30. e5 dxe5 31. fxe5 Bg7 32. Rcd1 Bc6 33. Nd4 Bxg2 34.
Kxg2 Qg5 35. e6 f5 36. Nf3 Qf6 37. Bd4 Qf8 38. Be5 Ra8 39. Rd5 Bf6 40. Nd4 Ne4
41. Qe3 a4 42. Re2 axb3 43. axb3 Ra5 44. Nb5 Bxe5 45. Rxe5 Qf6 46. Qxb6 Qxe5
47. Qxa5 Qxe6 48. Nc3 Rb8 49. Nxe4 fxe4 50. Re3 h4 51. h3 hxg3 52. Qd5 1/2-1/2

[Event "Watson Farley Williams Challenge"]
[Site "London"]
[Date "1990.04.22"]
[Round "4"]
[White "Chandler, Murray G"]
[Black "Watson, William Nicholas"]
[Result "1/2-1/2"]
[WhiteElo "2585"]
[BlackElo "2470"]
[PlyCount "38"]
[EventDate "1990.04.18"]
[EventType "tourn"]
[EventRounds "13"]
[EventCountry "ENG"]
[EventCategory "11"]
[SourceTitle "BritBase"]
[Source "John Saunders"]
[SourceDate "2023.06.27"]
[SourceVersion "1"]
[SourceVersionDate "2023.06.27"]
[SourceQuality "1"]

1. e4 c5 2. Nf3 d6 3. d4 cxd4 4. Nxd4 Nf6 5. Nc3 g6 6. Be3 Bg7 7. Qd2 O-O 8. f3
Nc6 9. O-O-O Nxd4 10. Bxd4 Be6 11. Kb1 Qc7 12. g4 Rfc8 13. g5 Nh5 14. Bxg7 Nxg7
15. Nd5 Qd7 16. c4 Rc5 17. Qd4 Rac8 18. Bd3 Bxd5 19. cxd5 e5 1/2-1/2

[Event "Watson Farley Williams Challenge"]
[Site "London"]
[Date "1990.04.22"]
[Round "4"]
[White "Frias Pablaza, Victor J"]
[Black "Kosten, Anthony C"]
[Result "0-1"]
[WhiteElo "2495"]
[BlackElo "2485"]
[PlyCount "120"]
[EventDate "1990.04.18"]
[EventType "tourn"]
[EventRounds "13"]
[EventCountry "ENG"]
[EventCategory "11"]
[SourceTitle "BritBase"]
[Source "John Saunders"]
[SourceDate "2023.06.27"]
[SourceVersion "1"]
[SourceVersionDate "2023.06.27"]
[SourceQuality "1"]

1. d4 Nf6 2. c4 e6 3. Nf3 Bb4+ 4. Nbd2 b6 5. e3 Bb7 6. Bd3 c5 7. a3 Bxd2+ 8.
Bxd2 d6 9. O-O O-O 10. b4 Nbd7 11. Bc3 Qe7 12. Re1 Ne4 13. Bxe4 Bxe4 14. Nd2
Bg6 15. a4 Rab8 16. Qe2 Rfc8 17. Rec1 e5 18. bxc5 bxc5 19. d5 Rb7 20. e4 Rcb8
21. Qe3 f6 22. a5 a6 23. Qd3 Qf8 24. g4 Qc8 25. Rab1 Nf8 26. h3 Be8 27. Rxb7
Rxb7 28. Rb1 Ng6 29. Rb6 Nf4 30. Qf1 h5 31. f3 Qb8 32. Qb1 Rxb6 33. Qxb6 Qc8
34. Kh2 Qd7 35. Qb3 Qe7 36. Nf1 f5 37. Be1 hxg4 38. fxg4 fxg4 39. hxg4 Qg5 40.
Qf3 Bg6 41. Bd2 Qh4+ 42. Kg1 Nh3+ 43. Kg2 Nf2 44. Bg5 Qxg4+ 45. Qxg4 Nxg4 46.
Be7 Bxe4+ 47. Kh3 Bf5 48. Kg3 Nf6 49. Kf3 Ne8 50. Ke3 Kf7 51. Bd8 Nf6 52. Nd2
Ke8 53. Bc7 Kd7 54. Bb6 Kc8 55. Nf3 Ne4 56. Ba7 g5 57. Nh2 Nf6 58. Nf3 g4 59.
Nxe5 dxe5 60. Bxc5 g3 0-1

[Event "Watson Farley Williams Challenge"]
[Site "London"]
[Date "1990.04.22"]
[Round "4"]
[White "Hodgson, Julian M"]
[Black "Levitt, Jonathan P"]
[Result "1-0"]
[WhiteElo "2540"]
[BlackElo "2465"]
[PlyCount "51"]
[EventDate "1990.04.18"]
[EventType "tourn"]
[EventRounds "13"]
[EventCountry "ENG"]
[EventCategory "11"]
[SourceTitle "BritBase"]
[Source "John Saunders"]
[SourceDate "2023.06.27"]
[SourceVersion "1"]
[SourceVersionDate "2023.06.27"]
[SourceQuality "1"]

1. g3 d5 2. Bg2 e5 3. d3 Nf6 4. Nf3 Nc6 5. O-O Be7 6. c4 dxc4 7. dxc4 O-O 8.
Nc3 Be6 9. Qb3 Na5 10. Qc2 Nc6 11. Rd1 Nd7 12. Nd5 f6 13. Be3 Re8 14. Nh4 Qc8
15. b4 Nd8 16. Be4 Nf8 17. Nxe7+ Rxe7 18. Bc5 Rf7 19. Bxf8 g5 20. Bh6 gxh4 21.
Bxh7+ Kh8 22. Bg6 hxg3 23. hxg3 f5 24. Qc3 Nc6 25. Bxf7 Bxf7 26. b5 1-0

[Event "Watson Farley Williams Challenge"]
[Site "London"]
[Date "1990.04.22"]
[Round "4"]
[White "King, Daniel John"]
[Black "Motwani, Paul"]
[Result "1/2-1/2"]
[WhiteElo "2515"]
[BlackElo "2470"]
[PlyCount "80"]
[EventDate "1990.04.18"]
[EventType "tourn"]
[EventRounds "13"]
[EventCountry "ENG"]
[EventCategory "11"]
[SourceTitle "BritBase"]
[Source "John Saunders"]
[SourceDate "2023.06.27"]
[SourceVersion "1"]
[SourceVersionDate "2023.06.27"]
[SourceQuality "1"]

1. e4 e6 2. d4 d5 3. Nc3 Nf6 4. Bg5 dxe4 5. Nxe4 Nbd7 6. Nxf6+ Nxf6 7. Nf3 c5
8. Bc4 cxd4 9. O-O Be7 10. Nxd4 O-O 11. Re1 Nd5 12. Bxe7 Nxe7 13. Qd3 Bd7 14.
Rad1 Qc7 15. Nb5 Bxb5 16. Bxb5 Nf5 17. c3 Rad8 18. Qe2 g6 19. g3 Rxd1 20. Rxd1
Rd8 21. Bd3 Ne7 22. Be4 Rxd1+ 23. Qxd1 b6 24. Bg2 Kg7 25. Qf3 e5 26. Qb7 Qxb7
27. Bxb7 f5 28. f3 Kf6 29. Kf2 Ke6 30. Ke3 Kd6 31. Kd3 Ng8 32. b4 Nf6 33. c4
Kc7 34. Ba6 Kd6 35. a3 Nd7 36. Ke3 Nf8 37. Bb7 Nd7 38. Bc8 Nf6 39. Bb7 Nd7 40.
Kd3 Nf6 1/2-1/2

[Event "Watson Farley Williams Challenge"]
[Site "London"]
[Date "1990.04.22"]
[Round "4"]
[White "Tisdall, Jonathan D"]
[Black "Flear, Glenn C"]
[Result "1/2-1/2"]
[WhiteElo "2480"]
[BlackElo "2470"]
[PlyCount "46"]
[EventDate "1990.04.18"]
[EventType "tourn"]
[EventRounds "13"]
[EventCountry "ENG"]
[EventCategory "11"]
[SourceTitle "BritBase"]
[Source "John Saunders"]
[SourceDate "2023.06.27"]
[SourceVersion "1"]
[SourceVersionDate "2023.06.27"]
[SourceQuality "1"]

1. d4 d5 2. c4 e6 3. Nc3 Nf6 4. Nf3 c6 5. e3 Nbd7 6. Qc2 Bd6 7. Bd2 O-O 8. h3
b6 9. e4 e5 10. cxd5 cxd5 11. exd5 Bb7 12. Be2 exd4 13. Nxd4 Nxd5 14. Nxd5 Bxd5
15. O-O Qf6 16. Be3 Qe5 17. g3 Be4 18. Qd2 Rad8 19. Bf4 Qd5 20. Nb5 Qxd2 21.
Bxd2 Be5 22. Bc3 Bxc3 23. Nxc3 Bc6 1/2-1/2

[Event "Watson Farley Williams Challenge"]
[Site "London"]
[Date "1990.04.23"]
[Round "5"]
[White "Flear, Glenn C"]
[Black "Adams, Michael"]
[Result "1-0"]
[WhiteElo "2470"]
[BlackElo "2555"]
[PlyCount "49"]
[EventDate "1990.04.18"]
[EventType "tourn"]
[EventRounds "13"]
[EventCountry "ENG"]
[EventCategory "11"]
[SourceTitle "BritBase"]
[Source "John Saunders"]
[SourceDate "2023.06.27"]
[SourceVersion "1"]
[SourceVersionDate "2023.06.27"]
[SourceQuality "1"]

1. d4 d6 2. Nf3 Bg4 3. c4 Nd7 4. Qb3 Rb8 5. h3 Bxf3 6. Qxf3 g6 7. Nc3 Bg7 8. e3
c5 9. d5 Bxc3+ 10. bxc3 Qa5 11. Bd2 Ngf6 12. Qd1 Ne4 13. Bd3 f5 14. O-O Ne5 15.
Be1 O-O 16. f3 Nf6 17. Be2 Qa6 18. a4 Nxc4 19. Bf2 e6 20. dxe6 d5 21. e4 fxe4
22. e7 Rf7 23. fxe4 Qa5 24. Bxc4 dxc4 25. Bh4 1-0